Riconosci il Pokémon - Quiz n°226 - Statistics

Statistiche generali
  • Questo quiz è stato fatto 1 volte
  • Il punteggio medio è 10 su 10
Statistiche sulle risposte
Indizio Risposta % Corretto
Altezza 0,6 m
100%
Tasso di cattura 225 (39.9%)
100%
Peso 2,3 kg
100%
Sesso 50% ♂, 50% ♀
100%
Stadio evoluzione Forma Base
100%
Abilità Insonnia; Indagine; Corpofunesto
100%
Pokémon Shuppet
100%
Tipo Spettro
100%
Generazione Terza
100%
Tasso di allevamento Veloce
100%
Nessun quiz corrispondente trovato
Distribuzione punteggi
Percentuale di utenti per punteggio
Percentile per numero di risposta
I tuoi punteggi nel tempo
Non hai fatto questo quiz